00528nam a2200133Ia 4500008004100000020001800041050002300059100002900082245017000111260004200281300002100323500004100344521000900385140529s9999 xx 000 0 und d a9789712710605 aHF 5387b.M45 2001 aMaximiano, Jose Mario B. aGlobal business ethics for Filipinos in the newmillennium :bquestions about social values and laws in the market and workplace /cJose Mario B. Maximiano aManila, Philippines :bAnvil,cc2001. a224 p. ;c23 cm. aIncludes bibliographical references. aBSBA